<?xml version="1.0" encoding="UTF-8"?>
<record
    xmlns:xsi="http://www.w3.org/2001/XMLSchema-instance"
    xsi:schemaLocation="http://www.loc.gov/MARC21/slim http://www.loc.gov/standards/marcxml/schema/MARC21slim.xsd"
    xmlns="http://www.loc.gov/MARC21/slim">

  <leader>01345cas a2200313 a 4500</leader>
  <controlfield tag="001">11133437</controlfield>
  <controlfield tag="005">20180127054538.0</controlfield>
  <controlfield tag="008">790330c19579999pau x         0   a0eng c</controlfield>
  <datafield tag="010" ind1=" " ind2=" ">
    <subfield code="a">   00006383 </subfield>
    <subfield code="z">  2007281292</subfield>
    <subfield code="z">  2011009789</subfield>
  </datafield>
  <datafield tag="020" ind1=" " ind2=" ">
    <subfield code="a">0721628591</subfield>
  </datafield>
  <datafield tag="035" ind1=" " ind2=" ">
    <subfield code="a">(OCoLC)ocm04802975 </subfield>
  </datafield>
  <datafield tag="040" ind1=" " ind2=" ">
    <subfield code="a">AAA</subfield>
    <subfield code="b">eng</subfield>
    <subfield code="c">AAA</subfield>
    <subfield code="d">IUL</subfield>
    <subfield code="d">IXA</subfield>
    <subfield code="d">DLC</subfield>
    <subfield code="d">NST</subfield>
    <subfield code="d">UDI</subfield>
    <subfield code="d">OCL</subfield>
    <subfield code="d">DLC</subfield>
    <subfield code="d">OCL</subfield>
    <subfield code="d">NYG</subfield>
    <subfield code="d">NST</subfield>
    <subfield code="d">GUA</subfield>
    <subfield code="d">OCLCQ</subfield>
    <subfield code="d">ORU</subfield>
    <subfield code="d">LVB</subfield>
    <subfield code="d">JED</subfield>
    <subfield code="d">IUL</subfield>
    <subfield code="d">DLC</subfield>
    <subfield code="d">WUOHS</subfield>
    <subfield code="d">OCLCQ</subfield>
    <subfield code="d">DLC</subfield>
    <subfield code="d">APL</subfield>
    <subfield code="d">OCL</subfield>
    <subfield code="d">OCLCF</subfield>
    <subfield code="d">OCLCA</subfield>
    <subfield code="d">OCLCQ</subfield>
    <subfield code="d">TWP</subfield>
    <subfield code="d">OCLCO</subfield>
    <subfield code="d">XFF</subfield>
    <subfield code="d">OCLCO</subfield>
    <subfield code="d">I8M</subfield>
    <subfield code="d">P@N</subfield>
    <subfield code="d">OCLCO</subfield>
    <subfield code="d">YXV</subfield>
    <subfield code="d">PIFPO</subfield>
    <subfield code="d">OCLCO</subfield>
    <subfield code="d">VGM</subfield>
    <subfield code="d">OCLCO</subfield>
    <subfield code="d">CUO</subfield>
    <subfield code="d">G3T</subfield>
    <subfield code="d">OCLCO</subfield>
    <subfield code="d">OCLCQ</subfield>
    <subfield code="d">ILM</subfield>
    <subfield code="d">XFH</subfield>
    <subfield code="d">CSJ</subfield>
    <subfield code="d">CSA</subfield>
    <subfield code="d">TFH</subfield>
    <subfield code="d">OI6</subfield>
    <subfield code="d">OCLCO</subfield>
    <subfield code="d">MUX</subfield>
    <subfield code="d">CSAIL</subfield>
    <subfield code="d">OCLCO</subfield>
    <subfield code="d">TFW</subfield>
    <subfield code="d">OCLCO</subfield>
    <subfield code="d">OKS</subfield>
    <subfield code="d">OCLCO</subfield>
  </datafield>
  <datafield tag="041" ind1=" " ind2=" ">
    <subfield code="a">eng</subfield>
  </datafield>
  <datafield tag="042" ind1=" " ind2=" ">
    <subfield code="a">pcc</subfield>
  </datafield>
  <datafield tag="060" ind1=" " ind2="0">
    <subfield code="a">610.321</subfield>
    <subfield code="b">D711i</subfield>
  </datafield>
  <datafield tag="080" ind1=" " ind2=" ">
    <subfield code="a">610.321</subfield>
  </datafield>
  <datafield tag="082" ind1="0" ind2="4">
    <subfield code="a">610.321 DOR</subfield>
    <subfield code="2">19</subfield>
  </datafield>
  <datafield tag="100" ind1=" " ind2=" ">
    <subfield code="a">23</subfield>
  </datafield>
  <datafield tag="101" ind1=" " ind2=" ">
    <subfield code="a">FJA</subfield>
  </datafield>
  <datafield tag="245" ind1="0" ind2="0">
    <subfield code="a">Dorland's illustrated medical dictionary.</subfield>
  </datafield>
  <datafield tag="310" ind1=" " ind2=" ">
    <subfield code="a">Irregular</subfield>
  </datafield>
  <datafield tag="362" ind1="1" ind2=" ">
    <subfield code="a">Began with 23rd ed. published in 1957.</subfield>
  </datafield>
  <datafield tag="776" ind1="0" ind2="8">
    <subfield code="i">Online version:</subfield>
    <subfield code="t">Dorland's illustrated medical dictionary</subfield>
    <subfield code="w">(OCoLC)650909746</subfield>
  </datafield>
  <datafield tag="780" ind1="0" ind2="0">
    <subfield code="t">American illustrated medical dictionary</subfield>
    <subfield code="w">(DLC)  2003204855</subfield>
    <subfield code="w">(OCoLC)4802946</subfield>
  </datafield>
  <datafield tag="906" ind1=" " ind2=" ">
    <subfield code="a">7</subfield>
    <subfield code="b">cbc</subfield>
    <subfield code="c">serials</subfield>
    <subfield code="d">3</subfield>
    <subfield code="e">ncip</subfield>
    <subfield code="f">19</subfield>
    <subfield code="g">n-oclcserc</subfield>
  </datafield>
  <datafield tag="942" ind1=" " ind2=" ">
    <subfield code="2">ddc</subfield>
    <subfield code="c">BK</subfield>
  </datafield>
  <datafield tag="999" ind1=" " ind2=" ">
    <subfield code="c">41094</subfield>
    <subfield code="d">41094</subfield>
  </datafield>
  <datafield tag="952" ind1=" " ind2=" ">
    <subfield code="0">0</subfield>
    <subfield code="1">0</subfield>
    <subfield code="2">udc</subfield>
    <subfield code="4">0</subfield>
    <subfield code="7">0</subfield>
    <subfield code="8">P&#xCB;KG</subfield>
    <subfield code="a">002</subfield>
    <subfield code="b">002</subfield>
    <subfield code="c">P&#xCB;KG</subfield>
    <subfield code="d">2018-01-27</subfield>
    <subfield code="l">0</subfield>
    <subfield code="o">610.321 DOR</subfield>
    <subfield code="p">002-2996678</subfield>
    <subfield code="r">2018-01-27</subfield>
    <subfield code="w">2018-01-27</subfield>
    <subfield code="y">BK</subfield>
  </datafield>
</record>
